[Event "Athens op 03-A"]
[Site "Athens"]
[Date "2012.03.13"]
[Round "2"]
[White "Ipsilantis, Nikolaos"]
[Black "Kouremenos, Athanasios"]
[Result "1-0"]
[WhiteElo "1773"]
[BlackElo "1359"]
[PlyCount "65"]
[EventDate "2012.03.06"]
[EventType "swiss"]
[EventRounds "7"]
[EventCountry "GRE"]
[SourceTitle "EXT 2014"]
[Source "ChessBase"]
[SourceDate "2013.11.20"]
[SourceVersion "1"]
[SourceVersionDate "2013.11.20"]
[SourceQuality "1"]

1. e4 e5 2. f4 d6 3. Nf3 Nc6 4. Nc3 Nf6 5. Bb5 Bd7 6. d3 exf4 7. Bxf4 Qe7 8. Qd2 Ne5 9. Bxd7+ Nfxd7 10. Nd5 Nxf3+ 11. gxf3 Qd8 12. 0-0-0 c6 13. Ne3 g6 14. Nc4 Nb6 15. Qc3 Rg8 16. Rhe1 Kd7 17. e5 Nd5 18. Qd4 Nxf4 19. Qxf4 Bg7 20. Qxf7+ Qe7 21. Qxe7+ Kxe7 22. exd6+ Kf6 23. Re7 b5 24. Na5 Bf8 25. Rxh7 Bxd6 26. Nxc6 a5 27. h3 Bf4+ 28. Kb1 Be3 29. Rh4 Rgc8 30. Ne7 Re8 31. Nd5+ Kf5 32. Nc7 Bf2 33. Re4 1-0